|
|
|
|
| LEADER |
00000nam0a2200000 4500 |
| 001 |
257832 |
| 005 |
20231101233236.0 |
| 020 |
|
|
|a RU
|b 87-74354
|
| 035 |
|
|
|a (RuTPU)RU\TPU\book\280653
|
| 090 |
|
|
|a 257832
|
| 100 |
|
|
|a 20140421d1987 k a0rusy5003 ca
|
| 101 |
0 |
|
|a rus
|
| 102 |
|
|
|a RU
|
| 105 |
|
|
|a a z 001zy
|
| 200 |
1 |
|
|a Структурно-окрашенные полимеры и материалы на их основе
|f Н. Н. Барашков
|
| 210 |
|
|
|a Москва
|c Химия
|d 1987
|
| 215 |
|
|
|a 78 с.
|c граф.
|
| 225 |
1 |
|
|a Химия - промышленности
|
| 320 |
|
|
|a Библиогр.: с. 76-78 (101 назв.)
|
| 606 |
1 |
|
|a Полимерные материалы
|x Окрашивание
|2 stltpush
|3 (RuTPU)RU\TPU\subj\64471
|9 81364
|
| 610 |
1 |
|
|a полимеры цветные
|
| 610 |
1 |
|
|a азокрасители
|
| 610 |
1 |
|
|a применение
|
| 675 |
|
|
|a 678.02
|z rus
|
| 700 |
|
1 |
|a Барашков
|b Н. Н.
|g Николай Николаевич
|4 070
|
| 801 |
|
0 |
|a RU
|b RuMRKP
|c 19950417
|g psbo
|
| 801 |
|
1 |
|a RU
|b 63413507
|c 20140421
|
| 801 |
|
2 |
|a RU
|b 63413507
|c 20141223
|g RCR
|
| 942 |
|
|
|c BK
|